| 000 | 00975cam a22002895a 4500 | ||
|---|---|---|---|
| 001 | 016030312 | ||
| 003 | OSt | ||
| 005 | 20160928113935.0 | ||
| 008 | 120209t2013 enka fr 001 0 eng d | ||
| 020 | _a9780273771388 | ||
| 020 | _a0273771388 | ||
| 040 |
_aStDuBDS _beng _cStDuBDS _dUk _dEG-ScBUE |
||
| 082 | 0 | 4 |
_a005.2762 _222 _bLIA |
| 100 | 1 |
_aLiang, Y. Daniel. _93620 |
|
| 245 | 1 | 0 |
_aIntroduction to Java programming : _bcomprehensive version / _cY. Daniel Liang. |
| 246 | 3 | 0 | _aJava programming |
| 250 |
_a9th ed., International ed. _bcontributions by Arup Kumar Bhattacharjee, Soumen Mukherjee. |
||
| 260 |
_aHarlow : _bPearson Education Limited, _cc.2013. |
||
| 300 |
_a1334 p. : _bill. (some col.) ; _c25 cm. |
||
| 500 | _aPrevious ed.: 2011. | ||
| 500 | _aIncludes Internet access. | ||
| 500 | _aIndex : p. 1293-1334. | ||
| 650 | 7 |
_aJava (Computer program language) _2BUEsh _93407 |
|
| 653 |
_bENGELC _cSeptember2016 |
||
| 655 |
_vText book _933728 |
||
| 942 | _2ddc | ||
| 999 |
_c22428 _d22400 |
||